banner-ar

الفكر اليونانى والثقافة العربية : (Record no. 5843)

MARC details
000 -الفاتح
حقل البيانات ثابتة الطول 00875nam a2200205Ia 4500
008 - عناصر البيانات ثابتة الطول - معلومات عامة
حقل البيانات ثابتة الطول 140319s9999 xx 000 0 ara d
020 ## - الرقم الدولى المعيارى للكتب
الرقم الدولى المعيارى للكتاب 3524319953
040 ## - مصدر الفهرسة
وكالة الفهرسة الأصلية GCL /
وكالة النسخ GCL
082 04 - رقم تصنيف ديوى العشرى
رقم التصنيف 418.0244
رقم المادة ج ف
100 1# - المدخل الرئيسى - إسم شخصى
الإسم الشخصى جوتاس، ديمترى
245 10 - بيان العنوان
العنوان الفكر اليونانى والثقافة العربية :
بقية العنوان حركة الترجمة اليونانية - العربية فى بغداد والمجتمع العباسى المبكر /
بيان المسئوليه,etc جوتاس، ديمترى
250 ## - بيان الطبعة
بيان الطبعة الاولى
260 ## - PUBLICATION, DISTRIBUTION, ETC. (IMPRINT)
تاريخ النشر أو التوزيع 2003
300 ## - الوصف المادى
التعداد 364 ص ؛
أبعاد الوعاء 23 سم
650 04 - المدخل الاضافى بالموضوع-مصطلح موضوعى
مصطلح موضوعي الترجمة اليونانية
650 04 - المدخل الاضافى بالموضوع-مصطلح موضوعى
مصطلح موضوعي الترجمة فى العصر العباسى الاول
650 04 - المدخل الاضافى بالموضوع-مصطلح موضوعى
مصطلح موضوعي حركة الترجمة من القرن الثانى - العاشر هـ
942 ## - عناصر المدخل الإضافي( كوها)
مصدر التصنيف او مخطط الترفيف Dewey Decimal Classification
Koha [default] item type كتاب
260 ## - PUBLICATION, DISTRIBUTION, ETC. (IMPRINT)
-- بيروت :
-- مركز دراسات الوحدة العربية ،
Holdings
حالة التراجع حالة الفقد حالة تلف ليس للاعارة المكان المؤقت الموقع الحالى تاريخ الاكتساب اجمالي اﻻعارات رقم الطلب الباركود تاريخ اخر مشاهدة تاريخ تفعيل السعر نوع وعاء كوها
        مكتبة القاهرة الكبرى مكتبة القاهرة الكبرى 03/26/2014   418.0244\ ج ف 12338 03/26/2014 03/26/2014 كتاب

Powered By

EGPV